000 01216nam a22002297a 4500
999 _c60284
_d60284
003 Ge_BSU
005 20230626111301.0
008 230626s1997 ge ||||| |||| 00| 0 geo d
041 _ageo
080 _a821.353.1-1+94(479.22) ზ-97
100 _aზურაშვილი, ვალერი
_918960
245 _aაწმყო შობილი წარსულისაგან = The present born from the past /
_c[ავტ. ვალერი ზურაშვილი ; რედ. დავით ლაფაჩიშვილი ; ფოტორედ. ნატალია გონჩაროვა].
250 _aI-ლი საცდელი გამოც.
264 _aთბილისი :
_bშპს "პოლიგრაფსერვისი"
_c1997.
300 _a102გვ. :
_bილ. ;
_c30სმ.
653 _aჭავჭავაძე, ილია
653 _aჭავჭავაძე, ილია
653 _aკახეთის ისტორია
700 _aლაფაჩიშვილი, დავით
_eრედაქტორი
_918961
700 _aგონჩაროვა, ნატალია
_918962
942 _2udc
_cBK